| 000 | 00675cam a2200205 a 4500 | ||
|---|---|---|---|
| 001 | 16244410 | ||
| 005 | 20250519110324.0 | ||
| 008 | 100520r20102002maua b 001 0 eng | ||
| 020 | _a9780262232586 (hardcover : alk. paper) | ||
| 020 | _a0262232588 (hardcover : alk. paper) | ||
| 050 | 0 | 0 |
_aHB139 _b.W663 2010 |
| 082 | 0 | 0 |
_a330.01/5195 _222 |
| 100 | 1 |
_aWooldridge, Jeffrey M., _d1960- |
|
| 245 | 1 | 0 |
_aEconometric analysis of cross section and panel data / _cJeffrey M. Wooldridge. |
| 250 | _a2nd ed. | ||
| 260 |
_aCambridge, Mass. : _bMIT Press, _cc2010. |
||
| 300 |
_axxvii, 1064 p. : _bill. ; _c24 cm. |
||
| 650 | 0 |
_aEconometrics _xAsymptotic theory. |
|
| 942 |
_2lcc _cBK _n0 |
||
| 999 |
_c5841 _d5841 |
||